|
|
|
|
| LEADER |
01862nam a2200457 i 4500 |
| 001 |
EBC1683392 |
| 003 |
MiAaPQ |
| 005 |
20200520144314.0 |
| 006 |
m o d | |
| 007 |
cr cnu|||||||| |
| 008 |
140514t20142014cau o 001 0 eng d |
| 020 |
|
|
|z 9781118858202
|
| 020 |
|
|
|a 9781118907207
|q (electronic bk.)
|
| 035 |
|
|
|a (MiAaPQ)EBC1683392
|
| 035 |
|
|
|a (Au-PeEL)EBL1683392
|
| 035 |
|
|
|a (CaPaEBR)ebr10867121
|
| 035 |
|
|
|a (CaONFJC)MIL604410
|
| 035 |
|
|
|a (OCoLC)879026199
|
| 040 |
|
|
|a MiAaPQ
|b eng
|e rda
|e pn
|c MiAaPQ
|d MiAaPQ
|
| 050 |
|
4 |
|a HD30.28
|b .W332 2014
|
| 082 |
0 |
|
|a 658.4/012
|2 23
|
| 100 |
1 |
|
|a Wacksman, Barry,
|d 1964-
|e author.
|
| 245 |
1 |
0 |
|a Connected by design :
|b 7 principles of business transformation through functional integration /
|c Barry Wacksman, Chris Stutzman.
|
| 250 |
|
|
|a First edition.
|
| 264 |
|
1 |
|a San Francisco, California :
|b Jossey-Bass,
|c 2014.
|
| 264 |
|
4 |
|c 2014
|
| 300 |
|
|
|a 1 online resource (251 pages)
|
| 336 |
|
|
|a text
|2 rdacontent
|
| 337 |
|
|
|a computer
|2 rdamedia
|
| 338 |
|
|
|a online resource
|2 rdacarrier
|
| 500 |
|
|
|a Includes index.
|
| 588 |
|
|
|a Description based on print version record.
|
| 590 |
|
|
|a Electronic reproduction. Ann Arbor, MI : ProQuest, 2015. Available via World Wide Web. Access may be limited to ProQuest affiliated libraries.
|
| 650 |
|
0 |
|a Strategic planning.
|
| 650 |
|
0 |
|a Management.
|
| 650 |
|
0 |
|a Marketing.
|
| 655 |
|
4 |
|a Electronic books.
|
| 700 |
1 |
|
|a Stutzman, Chris,
|d 1972-
|e author.
|
| 776 |
0 |
8 |
|i Print version:
|a Wacksman, Barry.
|t Connected by design : 7 principles of business transformation through functional integration.
|b First edition.
|d San Francisco, California : Jossey-Bass, c2014
|h 236 pages
|z 9781118858202
|w 2014005877
|
| 797 |
2 |
|
|a ProQuest (Firm)
|
| 856 |
4 |
0 |
|u https://ebookcentral.proquest.com/lib/matrademy/detail.action?docID=1683392
|z Click to View
|